Statistics for France Euro Squad 2016

Click here to take the quiz!

General Stats

  • This quiz has been taken 855 times
    (717 since last reset)
  • The average score is 18 of 23

Answer Stats

NumberPostPlayerClub% Correct
1GKHugo LlorisTottenham Hostpur
99%
15MFPaul PogbaJuventus
95%
9STOlivier GiroudArsenal FC
94%
7STAntoine GriezmannAtletico Madrid
94%
16GKSteve MandandaOlympique de Marseille
90%
11STAnthony MartialManchester United
90%
5MFN'Golo KantéLeicester City
89%
8STDimitri PayetWest Ham United
88%
14MFBlaise MatuidiParis SG
85%
21DFLaurent KoscielnyArsenal FC
84%
20STKingsley ComanBayern Munich
84%
3DFPatrice ÉvraJuventus
79%
19DFBacary SagnaManchester City
79%
10STAndré-Pierre GignacTigres UANL
79%
18MFMoussa SissokoNewcastle United
75%
6MFYohan CabayeCrystal Palace
74%
22DFSamuel UmtitiOlympique Lyonnais
71%
4DFAdil RamiSevilla FC
69%
13DFEliaquim MangalaManchester City
65%
12MFMorgan SchneiderlinManchester United
57%
17DFLucas DigneAS Roma
51%
23GKBenoît CostilStade Rennais
50%
2DFChristophe JalletOlympique Lyonnais
44%

Score Distribution

Percentile by Number Answered

Percent of People with Each Score

Your Score History

You have not taken this quiz since the last reset